| 000 | 00351pab a2200145 454500 | ||
|---|---|---|---|
| 008 | 180718b1990 xxu||||| |||| 00| 0 eng d | ||
| 100 | _aBajaj, K.K. | ||
| 245 | _aSocial audit of higher education | ||
| 260 | _c1990 | ||
| 300 | _a7-8,12 | ||
| 362 | _a8 Oct. | ||
| 650 | _aCollege and Universities - India | ||
| 773 | _aUniversity News | ||
| 909 | _a6118 | ||
| 999 |
_c6118 _d6118 |
||